| 000 | 00398nam a22001217a 4500 | ||
|---|---|---|---|
| 999 |
_c1263 _d1263 |
||
| 005 | 20200827103124.0 | ||
| 008 | 200827b ||||| |||| 00| 0 eng d | ||
| 020 | _a035604355X | ||
| 040 | _cCML | ||
| 245 |
_aUsing Environment 2 Investigations Part 2: A Unit for Teachers. _cCollis, M. |
||
| 260 |
_aLondon _bMacdonald Educational Ltd _c1974 |
||
| 942 |
_2ddc _cBK _e1st Edition _h507 _mCOL |
||